Quiz Ultime #5 - Statistiques

Statistiques générales
  • Ce quiz a été pris 103 fois
    66 depuis la dernière actualisation
  • Le résultat moyen est 21 sur 50
Statistiques - réponses
Hint Réponse % Correct
Dans un Scrabble classique, combien y a-t-il de cases "mot triple" ? 8
86%
De quelle nationalité est la garde pontificale ? Suisse
86%
À travers combien de pays le Danube passe-t-il ? 10
84%
Quelle chaîne de service public franco-allemande, créée le 30 avril 1991 et basée à Strasbourg, est l'acronyme de "Association relative à la télévision européenne" ? Arte
82%
Quelle sœur de Venus et maman d'Olympia a remporté 3 fois Roland-Garros ? Serena Williams
80%
Un soda au citron est appelé limonade, comment appelle-t-on un soda à l'orange ? Orangeade
77%
À quel pays appartient ce drapeau ? Description de l'image Lettonie
75%
Comment se nomme cette fleur ? Description de l'image Coquelicot
71%
Qui inventa l’imprimerie européenne à caractères métalliques mobiles dans son atelier de Mayence en Allemagne ? Gutenberg
71%
Comment s'appelle le Schtroumpf qui porte un chapeau rouge ? Le Grand Schtroumpf
71%
Quel est le pays qui s'appelait autrefois Siam ? Thaïlande
71%
Anciennement appelée Nouvelle-Angoulême, puis Nouvelle-Amsterdam New York
70%
Monument funéraire de grandes dimensions qui doit son nom à Mausole, un satrape de la province de Carie en Asie mineure Mausolée
66%
Comment appelle-t-on le petit du cerf ? Faon
63%
Capitale de Chypre Nicosie
63%
Quel instrument de musique à vent, souvent associé à la musique folk et blues, est constitué de plusieurs petites lamelles métalliques et est joué en soufflant et en aspirant ? Harmonica
61%
Quel prénom a été porté par deux présidents de la Ille République française, Doumer et Deschanel? Paul
57%
Comment s'appelle cet ancien footballeur international français qui a joué en tant que défenseur central ? Description de l'image Laurent Koscielny
54%
Quel est le plus vieux pont de Paris ? Pont Neuf
54%
Quel MMORPG français, développé et édité par Ankama, est sorti en 2004 ? Dofus
50%
Quel est l'auteur du célèbre ouvrage "L'Art de la guerre" ? Sun Tzu
50%
Qui est l'auteur du traité politique Le Prince, écrit au début du XVIe siècle ? Nicolas Machiavel
46%
Devise monétaire de la Pologne Zloty
46%
Capitale européenne est traversée par la Senne, un sous affluent de l'Escaut Bruxelles
45%
Lors de la Coupe du monde de rugby 2023, quelle équipe la France a-t-elle battue 96 à 0? Namibie
43%
Vers quelle date ? 1450
41%
Quelle est la capacité d'une bouteille de vin de type magnum ? 1,5 litre
41%
Quel est le nom du rappeur français, décédé en octobre 2022, dont le dernier album s'intitule "Mustafar" ? Luv Resval
39%
Quel département français porte le numéro 60 ? Oise
27%
Quelle est la plus petite particule connue à ce jour ? Quark
27%
Quelle est la capitale du Sri Lanka ? Sri Jayawardenapura Kotte
25%
Quelle est la date de la fondation de Marseille (Massalia) par des colons grecs de la cité de Phocée en Ionie ? 600 av. J.C.
23%
Qui est président de la République française du 18 février 1913 au 18 février 1920 ? Raymond Poincaré
23%
A quelle spécialité correspond cette image ? Description de l'image Currywurst
20%
Quel détroit relie la mer Égée à la mer de Marmara et sépare l'Europe de l'Asie ? détroit des Dardanelles
20%
Quelle est la signification du nom "Lefevbre" ? Le forgeron
20%
On l'appelle "la ville aux cent clochers" ou "la mère des villes" Prague
20%
Quel empereur romain a dit "l'argent n'a pas d'odeur" pour justifier son impôt sur l'urine des toilettes publiques ? Vespasien
20%
Quelle est la classe de mollusques d'eau douce et d'eau de mer qui comprend des espèces telles que les palourdes, les huîtres, les moules et les pétoncles, caractérisée par une coquille constituée de deux parties distinctes et plus ou moins symétriques ? Les bivalves
16%
Quelle est la plus longue frontière terrestre entre deux pays au monde ? Canada/USA
14%
Quel est le nom de l'hybride résultant du croisement entre un grizzli et un ours polaire ? Pizzly ou Grolar
14%
Quelle est la traduction italienne de l'expression "je voudrais" ? Vorrei
14%
Quelle est le nom de cette race de vache célèbre pour sa production laitière ? Description de l'image Prim'Holstein
11%
Comment les naturistes appellent-ils ceux qui ne sont pas adeptes de leur pratique ? les textiles
9%
Comment appelle-t-on la peur de perdre son téléphone ? Nomophobie
9%
Quel est le nom de la marque de mode belge, basé a Anvers/Antwerp, fondée par Bertony Da Silva en 2009 ? (Nom complet) Arte Antwerp
7%
Nom de l'armature de fils métalliques qui maintient le bouchon des bouteilles de boissons alcoolisées gazeuses Description de l'image Muselet
7%
Détroit de la mer de Tasman qui sépare l'Île du Nord et l'Île du Sud en Nouvelle-Zélande Détroit de Cook
5%
Fusion de deux caractères pour n'en faire qu'un, par exemple dans "cœur" Ligature
4%
Quel peintre est l'auteur du tableau intitulé Intérieur avec une femme debout ? Description de l'image Vilhelm Hammershøi
0%
Aucun quiz correspondant
Distribution des résultats
% des personnes avec chaque résultat
Percentile par nombre de réponses
Votre historique - résultats
Vous n’avez pas pris ce quiz depuis la dernière actualisation